| 000 | 00617nam a2200181Ia 4500 | ||
|---|---|---|---|
| 003 | GCL | ||
| 008 | 140319s9999 xx 000 0 ara d | ||
| 040 |
_aGCL / _cGCL |
||
| 082 | 0 | 4 |
_a418 _bا ق |
| 100 | 1 | _aاحمد الخوص | |
| 245 | 1 | 0 |
_aقصة الانشاء: اسلوب متطور فى التعبير والانشاء / _cاحمد الخوص |
| 300 | _a383 ص | ||
| 490 |
_aالهيئة العامة للاستعلامات _v0 |
||
| 650 | 0 | 4 | _aاللغة العربية |
| 650 | 0 | 4 | _aاللغة العربية - كتب دراسية |
| 650 | 0 | 4 | _aاللغة العربية - الانشاء |
| 942 |
_2ddc _cBK |
||
| 999 |
_c50103 _d50103 |
||